[Event "DSOL 01 Liga Gr-A 1st"]
[Site "Playchess.com INT"]
[Date "2020.07.31"]
[Round "6.1"]
[White "Paris, Michael"]
[Black "Wessendorf, Thomas"]
[Result "1/2-1/2"]
[WhiteElo "2213"]
[BlackElo "2250"]
[PlyCount "60"]
[EventDate "2020.06.22"]
[EventType "team-tourn (rapid)"]
[EventCountry "GER"]
[SourceTitle "EXT 2021"]
[Source "ChessBase"]
[SourceDate "2020.10.23"]
[SourceVersion "1"]
[SourceVersionDate "2020.10.23"]
[SourceQuality "1"]
[WhiteTeam "Koeln Lasker"]
[BlackTeam "Essen Katernberg"]
[WhiteTeamCountry "GER"]
[BlackTeamCountry "GER"]

1. e4 c5 2. d3 Nc6 3. Be2 g6 4. f4 Bg7 5. c3 d6 6. Nf3 e6 7. 0-0 Nge7 8. Na3 0-0 9. Qe1 Rb8 10. Nc4 b5 11. Ne3 d5 12. Qh4 f5 13. e5 d4 14. Nc2 dxc3 15. bxc3 Nd5 16. Bd2 Qxh4 17. Nxh4 Rd8 18. Nf3 c4 19. dxc4 bxc4 20. Bxc4 Na5 21. Bxd5 Rxd5 22. Be3 Rb2 23. Nb4 Rd7 24. Bc1 Re2 25. Nd4 Rxd4 26. cxd4 Bb7 27. Rf2 Re1+ 28. Rf1 Re2 29. Rf2 Re1+ 30. Rf1 Re2 1/2-1/2

[Event "Bayern-chI Bank Hofmann 23rd"]
[Site "Tegernsee"]
[Date "2019.10.29"]
[Round "4"]
[White "Loiseau, Quentin"]
[Black "Paris, Michael"]
[Result "1-0"]
[WhiteElo "2471"]
[BlackElo "2186"]
[PlyCount "65"]
[EventDate "2019.10.26"]
[EventType "swiss"]
[EventRounds "9"]
[EventCountry "GER"]
[SourceTitle "CBM 192 Extra"]
[Source "Chessbase"]
[SourceDate "2019.11.06"]
[SourceVersion "1"]
[SourceVersionDate "2019.11.06"]
[SourceQuality "1"]

1. d4 d5 2. c4 e6 3. Nf3 Nf6 4. Bg5 Bb4+ 5. Nbd2 dxc4 6. e3 Qd5 7. Bxf6 gxf6 8. a3 Bxd2+ 9. Nxd2 b5 10. Be2 c6 11. Bf3 Qd8 12. a4 b4 13. Nxc4 a5 14. Rc1 0-0 15. 0-0 Bb7 16. Qb3 Ra7 17. Nd2 Qe7 18. Rc2 Kh8 19. Rfc1 Rd8 20. Ne4 Bc8 21. Rc5 e5 22. d5 cxd5 23. Rxc8 dxe4 24. Bxe4 Kg7 25. Rxd8 Qxd8 26. Bf5 Qe7 27. Qd1 Rc7 28. Qg4+ Kf8 29. Rd1 Na6 30. Bxh7 Qc5 31. Qg8+ Ke7 32. Qd8+ Ke6 33. e4 1-0

[Event "Bayern-chI Bank Hofmann 23rd"]
[Site "Tegernsee"]
[Date "2019.10.28"]
[Round "3"]
[White "Krzyzanowski, Marcin"]
[Black "Paris, Michael"]
[Result "1-0"]
[WhiteElo "2500"]
[BlackElo "2186"]
[PlyCount "59"]
[EventDate "2019.10.26"]
[EventType "swiss"]
[EventRounds "9"]
[EventCountry "GER"]
[SourceTitle "CBM 192 Extra"]
[Source "Chessbase"]
[SourceDate "2019.11.06"]
[SourceVersion "1"]
[SourceVersionDate "2019.11.06"]
[SourceQuality "1"]

1. d4 d5 2. Nf3 e6 3. Bf4 Nf6 4. e3 Bd6 5. Nbd2 0-0 6. Bd3 c5 7. dxc5 Bxc5 8. 0-0 Bd6 9. Bxd6 Qxd6 10. e4 Nc6 11. Re1 e5 12. exd5 Qxd5 13. Ne4 Qd8 14. Qe2 Nd5 15. Bc4 Nf4 16. Qe3 Be6 17. Bb5 f6 18. Rad1 Qc7 19. g3 Nd5 20. Qc5 Rad8 21. c3 Nce7 22. c4 Bg4 23. cxd5 Qxc5 24. Nxc5 Bxf3 25. Rd3 Rc8 26. d6 Nf5 27. Bc4+ Kh8 28. d7 Nd4 29. dxc8Q Rxc8 30. Ne6 1-0

[Event "NRW Class2 1819"]
[Site "Germany"]
[Date "2019.04.14"]
[Round "8.2"]
[White "Paris, Michael"]
[Black "Kolakovic, Klaudio"]
[Result "1/2-1/2"]
[WhiteElo "2129"]
[BlackElo "2113"]
[PlyCount "85"]
[EventDate "2018.09.16"]
[EventType "team-tourn"]
[EventRounds "9"]
[EventCountry "GER"]
[SourceTitle "EXT 2022"]
[Source "ChessBase"]
[SourceDate "2021.10.06"]
[SourceVersion "1"]
[SourceVersionDate "2021.10.06"]
[SourceQuality "1"]
[WhiteTeam "Koeln Lasker"]
[BlackTeam "Suedlohn"]
[WhiteTeamCountry "GER"]
[BlackTeamCountry "GER"]

1. e4 c5 2. Be2 Nc6 3. f4 e5 4. d3 d6 5. Nf3 g6 6. Nc3 Bg7 7. 0-0 h6 8. Qe1 Nd4 9. Bd1 Nxf3+ 10. Bxf3 Ne7 11. Qf2 exf4 12. Bxf4 Bd4 13. Be3 Be5 14. Kh1 Be6 15. Ne2 Nc6 16. c3 Bg7 17. d4 cxd4 18. Nxd4 0-0 19. Nxe6 fxe6 20. Qg3 Kh7 21. Bg4 Rxf1+ 22. Rxf1 Qe7 23. Qh3 Re8 24. Bd1 a6 25. Bb6 Rf8 26. Rxf8 Qxf8 27. Qf3 Qe7 28. Qe3 Ne5 29. Bb3 h5 30. Qe2 Nd7 31. Be3 Ne5 32. Bd4 Nd7 33. Kg1 Bxd4+ 34. cxd4 e5 35. Qc4 Nf6 36. dxe5 Qxe5 37. Qf7+ Kh6 38. h4 Nh7 39. Qxb7 Qc5+ 40. Kh2 Qf2 41. Qe7 Qf4+ 42. Kg1 Qc1+ 43. Kh2 1/2-1/2

[Event "NRW Class2 1819"]
[Site "Germany"]
[Date "2019.01.13"]
[Round "5.1"]
[White "Haub, Thorsten Michael"]
[Black "Paris, Michael"]
[Result "0-1"]
[WhiteElo "2385"]
[BlackElo "2129"]
[PlyCount "126"]
[EventDate "2018.09.16"]
[EventType "team-tourn"]
[EventRounds "9"]
[EventCountry "GER"]
[SourceTitle "EXT 2022"]
[Source "ChessBase"]
[SourceDate "2021.10.06"]
[SourceVersion "1"]
[SourceVersionDate "2021.10.06"]
[SourceQuality "1"]
[WhiteTeam "Plettenberg"]
[BlackTeam "Koeln Lasker"]
[WhiteTeamCountry "GER"]
[BlackTeamCountry "GER"]

1. g3 d5 2. Bg2 e5 3. d3 Nc6 4. Nf3 f6 5. c3 Be6 6. b4 Qd7 7. Nbd2 Bd6 8. Bb2 Nh6 9. 0-0 Ne7 10. e4 c6 11. d4 Nf7 12. a3 0-0 13. Qe2 Bg4 14. dxe5 fxe5 15. Qd3 Bh3 16. Rfe1 Bxg2 17. Kxg2 Rad8 18. Rad1 Bb8 19. exd5 cxd5 20. c4 Qg4 21. h3 Qh5 22. cxd5 Nxd5 23. Qc4 b5 24. Qg4 Qxg4 25. hxg4 Nb6 26. Ne4 Nc4 27. Bc1 Rxd1 28. Rxd1 Rd8 29. Rxd8+ Nxd8 30. Ned2 Nxd2 31. Bxd2 Nf7 32. Kf1 Kf8 33. Ke2 Ke7 34. Nh4 Ke6 35. Nf5 g6 36. Ne3 Bc7 37. Nd1 Kd5 38. Kd3 e4+ 39. Kc2 Be5 40. Bc3 Bd4 41. Bxd4 Kxd4 42. Nc3 a6 43. Ne2+ Ke5 44. Nc1 Nh6 45. Kd2 Nxg4 46. Ke2 Kd5 47. Nb3 Ne5 48. Kd2 Nc4+ 49. Kc3 Nxa3 50. Nc5 a5 51. Nd7 a4 52. Nf6+ Ke5 53. Nxh7 Nc4 54. Nf8 g5 55. Nd7+ Kf5 56. Nc5 Nb6 57. Kd4 a3 58. Nb3 Na4 59. Nc1 Nb2 60. Na2 Nd1 61. Kc5 Nxf2 62. Kxb5 e3 63. Nc1 a2 0-1

[Event "NRW Class2 1819"]
[Site "Germany"]
[Date "2018.12.09"]
[Round "4.1"]
[White "Paris, Michael"]
[Black "Plassmann, Dominik"]
[Result "1/2-1/2"]
[WhiteElo "2129"]
[BlackElo "2153"]
[PlyCount "56"]
[EventDate "2018.09.16"]
[EventType "team-tourn"]
[EventRounds "9"]
[EventCountry "GER"]
[SourceTitle "EXT 2022"]
[Source "ChessBase"]
[SourceDate "2021.10.06"]
[SourceVersion "1"]
[SourceVersionDate "2021.10.06"]
[SourceQuality "1"]
[WhiteTeam "Koeln Lasker"]
[BlackTeam "Guetersloh"]
[WhiteTeamCountry "GER"]
[BlackTeamCountry "GER"]

1. Nf3 f5 2. d3 d6 3. e4 e5 4. Nc3 Nf6 5. exf5 Bxf5 6. d4 e4 7. Nh4 Bg4 8. Be2 Bxe2 9. Qxe2 d5 10. Bg5 Bb4 11. Qb5+ Nc6 12. Qxb7 Nxd4 13. 0-0-0 Bxc3 14. bxc3 Rb8 15. Bxf6 gxf6 16. Qa6 Rb6 17. Qa4+ Nc6 18. Nf5 0-0 19. c4 Qb8 20. cxd5 Ne5 21. Qxe4 Rb4 22. Nd4 Rb1+ 23. Kd2 Qb4+ 24. Ke3 Qc3+ 25. Ke2 Qc4+ 26. Ke3 Qc3+ 27. Ke2 Qc4+ 28. Ke3 Qc3+ 1/2-1/2

[Event "Bayern-chI Bank Hofmann 22nd"]
[Site "Tegernsee"]
[Date "2018.10.28"]
[Round "2"]
[White "Paris, Michael"]
[Black "Slugin, Sergey"]
[Result "0-1"]
[WhiteElo "2117"]
[BlackElo "2362"]
[PlyCount "80"]
[EventDate "2018.10.27"]
[EventType "swiss"]
[EventRounds "9"]
[EventCountry "GER"]
[SourceTitle "CBM 187 Extra"]
[Source "ChessBase"]
[SourceDate "2018.11.04"]
[SourceVersion "1"]
[SourceVersionDate "2018.11.04"]
[SourceQuality "1"]

1. e4 g6 2. d4 Bg7 3. Nc3 d6 4. Be3 a6 5. Qd2 Nd7 6. f4 b5 7. Be2 Bb7 8. Bf3 Nb6 9. b3 Nf6 10. e5 Nfd5 11. Nxd5 Bxd5 12. Rd1 0-0 13. Bxd5 Nxd5 14. Ne2 f6 15. 0-0 Qd7 16. exd6 cxd6 17. f5 gxf5 18. Ng3 e6 19. c4 bxc4 20. bxc4 Nb6 21. Qb4 Rfb8 22. Bf4 Bf8 23. Qc3 Rc8 24. Nh5 Qf7 25. Qh3 Rxc4 26. Qb3 Qxh5 27. Qxb6 Qe8 28. Qb3 Rac8 29. Rd3 Qf7 30. Rg3+ Kh8 31. Be3 d5 32. Qb6 R4c6 33. Qb1 Bd6 34. Rgf3 Rc2 35. Qb6 R8c6 36. Qb3 Qc7 37. Bf4 Bxf4 38. Rxf4 Rb6 39. Qa3 Qd6 40. Qa4 Rbb2 0-1

[Event "NRW Class2 1819"]
[Site "Germany"]
[Date "2018.10.14"]
[Round "2.1"]
[White "Paris, Michael"]
[Black "Forchert, Martin"]
[Result "0-1"]
[WhiteElo "2133"]
[BlackElo "2273"]
[PlyCount "84"]
[EventDate "2018.09.16"]
[EventType "team-tourn"]
[EventRounds "9"]
[EventCountry "GER"]
[SourceTitle "EXT 2022"]
[Source "ChessBase"]
[SourceDate "2021.10.06"]
[SourceVersion "1"]
[SourceVersionDate "2021.10.06"]
[SourceQuality "1"]
[WhiteTeam "Koeln Lasker"]
[BlackTeam "Bielefeld"]
[WhiteTeamCountry "GER"]
[BlackTeamCountry "GER"]

1. e4 Nf6 2. e5 Nd5 3. Nc3 Nxc3 4. dxc3 d6 5. Bf4 Nc6 6. Nf3 Bg4 7. h3 dxe5 8. Qxd8+ Nxd8 9. Nxe5 Bf5 10. Bd3 Bxd3 11. Nxd3 Ne6 12. Be3 g6 13. 0-0 Bg7 14. Rad1 0-0-0 15. Nc5 Nxc5 16. Bxc5 Bf6 17. Rd3 b6 18. Be3 c5 19. Rfd1 c4 20. Rxd8+ Rxd8 21. Rxd8+ Kxd8 22. a4 Kc7 23. Kf1 Kc6 24. Ke2 a6 25. f3 Be5 26. Kd2 f5 27. f4 Bd6 28. Ke2 h5 29. Kf3 b5 30. axb5+ Kxb5 31. Bd4 Kc6 32. g4 Kd5 33. gxh5 gxh5 34. Bg7 a5 35. Bd4 a4 36. Be3 Bc5 37. Bc1 e6 38. Bd2 Bf8 39. Be3 Bg7 40. Bd2 Bh6 41. Be3 e5 42. h4 Ke6 0-1

[Event "Mittelrhein Regionalliga 1718"]
[Site "Nordrheinwestfalen"]
[Date "2018.02.04"]
[Round "6.1"]
[White "Heinichen, Nils"]
[Black "Paris, Michael"]
[Result "0-1"]
[WhiteElo "2087"]
[BlackElo "2150"]
[PlyCount "80"]
[EventDate "2017.09.10"]
[EventType "team-tourn"]
[EventRounds "9"]
[EventCountry "GER"]
[SourceTitle "EXT 2022"]
[Source "ChessBase"]
[SourceDate "2021.10.06"]
[SourceVersion "1"]
[SourceVersionDate "2021.10.06"]
[SourceQuality "1"]
[WhiteTeam "Wuerselen"]
[BlackTeam "Koeln Lasker"]
[WhiteTeamCountry "GER"]
[BlackTeamCountry "GER"]

1. d4 d5 2. c4 e6 3. Nc3 Bb4 4. e3 Nf6 5. Qa4+ Nc6 6. Nf3 0-0 7. a3 Bxc3+ 8. bxc3 Qe8 9. cxd5 exd5 10. Be2 Bf5 11. 0-0 h6 12. Qb3 b6 13. a4 Na5 14. Qb4 Qe6 15. Ba3 Rfe8 16. Rac1 Bg4 17. Rfe1 Rad8 18. Qb5 c6 19. Qa6 Bxf3 20. Bxf3 Nc4 21. Bb4 Ne4 22. a5 Ned2 23. Be2 bxa5 24. Bxc4 axb4 25. Bd3 b3 26. Rcd1 Ne4 27. c4 Rb8 28. Bxe4 dxe4 29. Rb1 Rb4 30. Rec1 Qd7 31. Qa5 Qb7 32. Rc3 Rb8 33. Qe5 Qa6 34. Qxe4 Rxc4 35. Qd3 Ra4 36. h3 Qxd3 37. Rxd3 b2 38. Kf1 Ra1 39. Rdd1 Rxb1 40. Rxb1 a5 0-1

[Event "Pfalz op-A 8th"]
[Site "Neustadt an der Weinstrasse"]
[Date "2017.02.25"]
[Round "3"]
[White "Paris, Michael"]
[Black "Milanovic, Danilo"]
[Result "0-1"]
[WhiteElo "2159"]
[BlackElo "2502"]
[PlyCount "44"]
[EventDate "2017.02.24"]
[EventType "swiss"]
[EventRounds "9"]
[EventCountry "GER"]
[SourceTitle "CBM 177 Extra"]
[Source "ChessBase"]
[SourceDate "2017.04.27"]
[SourceVersion "1"]
[SourceVersionDate "2017.04.27"]
[SourceQuality "1"]

1. d4 Nf6 2. Nf3 c5 3. e3 g6 4. c3 Qc7 5. Be2 Bg7 6. 0-0 0-0 7. c4 cxd4 8. Nxd4 a6 9. Nc3 d6 10. e4 e6 11. Be3 b6 12. Rc1 Bb7 13. f3 Nbd7 14. Qe1 Rac8 15. Qf2 Rfe8 16. Rfd1 Qb8 17. b4 d5 18. cxd5 exd5 19. exd5 Qe5 20. Ne4 Nxe4 21. fxe4 Qxe4 22. Rxc8 Bxc8 0-1

[Event "Mittelrhein Regionalliga 16/17"]
[Site "Nordrheinwestfalen"]
[Date "2017.01.29"]
[Round "7.1"]
[White "Paris, Michael"]
[Black "Weber, Peter"]
[Result "0-1"]
[WhiteElo "2192"]
[BlackElo "2138"]
[PlyCount "88"]
[EventDate "2016.09.11"]
[EventType "team-tourn"]
[EventRounds "11"]
[EventCountry "GER"]
[SourceTitle "EXT 2022"]
[Source "ChessBase"]
[SourceDate "2021.10.06"]
[SourceVersion "1"]
[SourceVersionDate "2021.10.06"]
[SourceQuality "1"]
[WhiteTeam "Koeln Lasker"]
[BlackTeam "Langenfeld"]
[WhiteTeamCountry "GER"]
[BlackTeamCountry "GER"]

1. e4 e5 2. Nf3 Nc6 3. Bc4 Nf6 4. d3 Bc5 5. a4 d6 6. h3 Be6 7. Nbd2 a6 8. c3 0-0 9. 0-0 Qd7 10. Bxe6 fxe6 11. Nb3 Ba7 12. Be3 b6 13. Nh2 d5 14. Ng4 d4 15. cxd4 exd4 16. Bg5 Nb4 17. Ne5 Qd6 18. f4 c5 19. Nd2 b5 20. Bxf6 gxf6 21. Ng4 Qe7 22. axb5 axb5 23. e5 f5 24. Nf6+ Kh8 25. Nf3 Nd5 26. Nxd5 exd5 27. Ra6 c4 28. Ng5 Rg8 29. Qh5 Rg7 30. Qe2 Rc8 31. Rfa1 Bb8 32. Re6 Qd7 33. Rf6 Qe7 34. Re6 Qb7 35. Re1 c3 36. Rf6 Qe7 37. Kh1 Rxg5 38. fxg5 Qxe5 39. Qxe5 Bxe5 40. bxc3 Bxf6 41. gxf6 dxc3 42. f7 Rf8 43. d4 Rxf7 44. Kg1 b4 0-1

[Event "Mittelrhein Regionalliga 16/17"]
[Site "Nordrheinwestfalen"]
[Date "2016.10.02"]
[Round "2.2"]
[White "Paris, Michael"]
[Black "Roeder, Matthias"]
[Result "1/2-1/2"]
[WhiteElo "2192"]
[BlackElo "2367"]
[PlyCount "70"]
[EventDate "2016.09.11"]
[EventType "team-tourn"]
[EventRounds "11"]
[EventCountry "GER"]
[SourceTitle "EXT 2022"]
[Source "ChessBase"]
[SourceDate "2021.10.06"]
[SourceVersion "1"]
[SourceVersionDate "2021.10.06"]
[SourceQuality "1"]
[WhiteTeam "Koeln Lasker"]
[BlackTeam "Aachen DJK Aufwärts III"]
[WhiteTeamCountry "GER"]
[BlackTeamCountry "GER"]

1. d4 Nf6 2. Nf3 e6 3. g3 b5 4. Bg2 d5 5. 0-0 c5 6. a4 b4 7. c4 Bb7 8. cxd5 Bxd5 9. dxc5 Bxc5 10. Qc2 Nbd7 11. Nbd2 Rc8 12. Qd3 Be7 13. Ng5 Bxg2 14. Kxg2 h6 15. Ngf3 0-0 16. Nb3 Nc5 17. Nxc5 Bxc5 18. Qxd8 Rfxd8 19. Nd2 Be7 20. Nb3 Rc2 21. Re1 Ne4 22. Rb1 Bg5 23. Bxg5 hxg5 24. Na1 Rcc8 25. Rbc1 Rxc1 26. Rxc1 Rd2 27. Rc8+ Kh7 28. Rc2 b3 29. Rxd2 Nxd2 30. f3 Kg6 31. Kf2 a5 32. Ke3 Nc4+ 33. Kd4 Nxb2 34. Nxb3 Nxa4 35. Nxa5 Nb6 1/2-1/2

[Event "Mittelrhein Regionalliga 1415"]
[Site "Mittelrhein"]
[Date "2015.03.15"]
[Round "8.1"]
[White "Cordts, Ingo"]
[Black "Paris, Michael"]
[Result "0-1"]
[WhiteElo "2212"]
[BlackElo "2163"]
[PlyCount "66"]
[EventDate "2014.09.28"]
[EventType "team-tourn"]
[EventRounds "9"]
[EventCountry "GER"]
[SourceTitle "EXT 2023"]
[Source "ChessBase"]
[SourceDate "2022.10.05"]
[SourceVersion "1"]
[SourceVersionDate "2022.10.05"]
[SourceQuality "1"]
[WhiteTeam "Koeln Ford SF"]
[BlackTeam "Horrem"]
[WhiteTeamCountry "GER"]
[BlackTeamCountry "GER"]

1. e4 e5 2. Nf3 d6 3. d4 exd4 4. Qxd4 a6 5. Bg5 Nc6 6. Qd2 Nf6 7. Nc3 Be7 8. 0-0-0 0-0 9. h4 Be6 10. Qf4 h6 11. Nd5 Ng4 12. Nxe7+ Nxe7 13. Nd4 hxg5 14. hxg5 Ng6 15. Qd2 Nxf2 16. Qxf2 Qxg5+ 17. Kb1 Qf4 18. Qe1 Rfe8 19. g3 Qg5 20. Qf2 Bg4 21. Qh2 Bxd1 22. Qh7+ Kf8 23. Nf5 Ne7 24. Qh8+ Ng8 25. Bd3 Bg4 26. Nd4 c5 27. Nb3 Ke7 28. e5 Qxe5 29. Nd2 Kd7 30. Ne4 Nh6 31. Qh7 Rh8 32. Rxh6 Rxh7 33. Rxh7 d5 0-1

[Event "Mittelrhein Regionalliga 1415"]
[Site "Mittelrhein"]
[Date "2015.02.22"]
[Round "7.1"]
[White "Paris, Michael"]
[Black "Bayer, Ernst Wolfgang"]
[Result "1-0"]
[WhiteElo "2163"]
[BlackElo "2197"]
[PlyCount "45"]
[EventDate "2014.09.28"]
[EventType "team-tourn"]
[EventRounds "9"]
[EventCountry "GER"]
[SourceTitle "EXT 2023"]
[Source "ChessBase"]
[SourceDate "2022.10.05"]
[SourceVersion "1"]
[SourceVersionDate "2022.10.05"]
[SourceQuality "1"]
[WhiteTeam "Horrem"]
[BlackTeam "Klub Koelner SF II"]
[WhiteTeamCountry "GER"]
[BlackTeamCountry "GER"]

1. d4 f5 2. e4 fxe4 3. Nc3 Nf6 4. Bg5 Nc6 5. d5 Ne5 6. Qd4 Nf7 7. h4 e5 8. Qa4 Be7 9. 0-0-0 0-0 10. Bxf6 gxf6 11. g4 d6 12. Qxe4 f5 13. gxf5 Nh6 14. Bh3 Bxf5 15. Qb4 Bxh4 16. f4 exf4 17. Nf3 Bf2 18. Qxf4 Bxh3 19. Qxh6 Rxf3 20. Rdg1+ Bxg1 21. Rxg1+ Kf7 22. Qh5+ Ke7 23. Qxf3 1-0

[Event "Mittelrhein Regionalliga 1415"]
[Site "Mittelrhein"]
[Date "2014.11.09"]
[Round "3.1"]
[White "Paris, Michael"]
[Black "Haag, Martin"]
[Result "1/2-1/2"]
[WhiteElo "2148"]
[BlackElo "2265"]
[PlyCount "49"]
[EventDate "2014.09.28"]
[EventType "team-tourn"]
[EventRounds "9"]
[EventCountry "GER"]
[SourceTitle "EXT 2023"]
[Source "ChessBase"]
[SourceDate "2022.10.05"]
[SourceVersion "1"]
[SourceVersionDate "2022.10.05"]
[SourceQuality "1"]
[WhiteTeam "Horrem"]
[BlackTeam "Bonn Beuel"]
[WhiteTeamCountry "GER"]
[BlackTeamCountry "GER"]

1. d4 d5 2. Nf3 e6 3. c4 c5 4. cxd5 exd5 5. g3 Nc6 6. Bg2 Nf6 7. 0-0 Be7 8. Nc3 0-0 9. b3 Ne4 10. Bb2 Bf6 11. Nxe4 dxe4 12. Nd2 Bxd4 13. Bxd4 cxd4 14. Nxe4 Qe7 15. Rc1 Bg4 16. Re1 Rfd8 17. Qd2 Rac8 18. h3 Be6 19. Nc5 Bd5 20. Nd3 Bxg2 21. Kxg2 Qe4+ 22. Kg1 Qf5 23. Kg2 Qe4+ 24. Kg1 Qf5 25. Kg2 1/2-1/2

[Event "Mittelrhein-chT 1112"]
[Site "Germany"]
[Date "2012.02.05"]
[Round "8.1"]
[White "Paris, Michael"]
[Black "Spilles, Matthias"]
[Result "1-0"]
[WhiteElo "2133"]
[BlackElo "1861"]
[PlyCount "77"]
[EventDate "2011.09.11"]
[EventType "team-tourn"]
[EventRounds "13"]
[EventCountry "GER"]
[SourceTitle "EXT 2013"]
[Source "ChessBase"]
[SourceDate "2012.11.22"]
[SourceVersion "1"]
[SourceVersionDate "2012.11.22"]
[SourceQuality "1"]
[WhiteTeam "Horrem"]
[BlackTeam "Bruehl II"]
[WhiteTeamCountry "GER"]
[BlackTeamCountry "GER"]

1. Nc3 d5 2. d4 e6 3. Qd3 Nf6 4. Bg5 Be7 5. Nf3 Nbd7 6. 0-0-0 c5 7. Bxf6 Bxf6 8. e4 cxd4 9. Nxd4 dxe4 10. Nxe4 0-0 11. Nb5 Qb6 12. Qg3 Kh8 13. Qa3 Kg8 14. Be2 Be5 15. Rhf1 a6 16. Nbd6 Nf6 17. f4 Bxb2+ 18. Qxb2 Qe3+ 19. Nd2 Qxe2 20. Rde1 Qh5 21. Re5 Qh6 22. g4 Nxg4 23. Rg5 Ne3 24. Rfg1 g6 25. N6e4 Qg7 26. Nf6+ Kh8 27. Rh5 h6 28. Rh3 Nf5 29. Nde4 b5 30. Ng3 Nxg3 31. Rhxg3 Bb7 32. h4 Bd5 33. h5 Be4 34. Nxe4 Qxb2+ 35. Kxb2 f5 36. hxg6 Kg7 37. Nc5 Rfe8 38. Re3 Rac8 39. Rxe6 1-0

[Event "Regionalliga Mittelrhein 1011"]
[Site "Germany"]
[Date "2011.02.27"]
[Round "6.1"]
[White "Paris, Michael"]
[Black "Haag, Martin"]
[Result "0-1"]
[WhiteElo "2169"]
[BlackElo "2242"]
[PlyCount "90"]
[EventDate "2010.10.24"]
[EventType "team"]
[EventRounds "9"]
[EventCountry "GER"]
[SourceTitle "EXT 2015"]
[Source "ChessBase"]
[SourceDate "2014.11.20"]
[SourceVersion "1"]
[SourceVersionDate "2014.11.20"]
[SourceQuality "1"]
[WhiteTeam "Horrem"]
[BlackTeam "Bonn Beuel"]
[WhiteTeamCountry "GER"]
[BlackTeamCountry "GER"]

1. e4 c5 2. Na3 b6 3. f4 Bb7 4. d3 d5 5. e5 e6 6. Nf3 Nc6 7. c3 Nh6 8. Be2 Nf5 9. 0-0 h5 10. Bd2 Be7 11. Nc2 d4 12. c4 g6 13. Nfe1 Kf8 14. Bf3 Qd7 15. Qe2 Kg7 16. Be4 a6 17. a4 Rhb8 18. Nf3 Nd8 19. Ng5 Bxe4 20. Nxe4 b5 21. axb5 axb5 22. Na3 b4 23. Nb5 Qc6 24. Rae1 Ra2 25. Bc1 Nb7 26. Nf6 Rd8 27. g4 hxg4 28. Qxg4 Rh8 29. Ne4 Rh4 30. Qf3 Na5 31. Qd1 Ra1 32. Qe2 Nb3 33. Ned6 Ng3 34. Qf3 Qxf3 35. Rxf3 Rxc1 36. Rxc1 Ne2+ 37. Kg2 Nbxc1 38. Nc8 Bf8 39. Nbd6 Nxf4+ 40. Kg3 g5 41. Nb6 Ncxd3 42. Nd7 Be7 43. Rf1 Bxd6 44. exd6 Rh3+ 45. Kg4 f5+ 0-1

[Event "Regionalliga Mittelrhein 1011"]
[Site "Germany"]
[Date "2010.12.12"]
[Round "3.1"]
[White "Riedel, Holger"]
[Black "Paris, Michael"]
[Result "1-0"]
[WhiteElo "2149"]
[BlackElo "2169"]
[PlyCount "97"]
[EventDate "2010.10.24"]
[EventType "team"]
[EventRounds "9"]
[EventCountry "GER"]
[SourceTitle "EXT 2015"]
[Source "ChessBase"]
[SourceDate "2014.11.20"]
[SourceVersion "1"]
[SourceVersionDate "2014.11.20"]
[SourceQuality "1"]
[WhiteTeam "Niederkassel"]
[BlackTeam "Horrem"]
[WhiteTeamCountry "GER"]
[BlackTeamCountry "GER"]

1. g3 d5 2. Bg2 c6 3. Nf3 Nf6 4. 0-0 Bg4 5. Ne5 Qc8 6. Nxg4 Qxg4 7. e3 Qxd1 8. Rxd1 Na6 9. a3 e6 10. d3 Be7 11. Nd2 0-0 12. b4 Nc7 13. Nb3 Nd7 14. Rb1 Rab8 15. Bb2 Rfc8 16. c4 Bf6 17. f4 Kf8 18. Kf2 Ne8 19. Bxf6 gxf6 20. Rbc1 f5 21. e4 fxe4 22. dxe4 dxc4 23. Rxc4 Nb6 24. Rcd4 Na4 25. e5 Nc7 26. f5 exf5 27. Bh3 Re8 28. Re1 Ne6 29. Rh4 Ng7 30. Rxh7 Kg8 31. Rh6 Rbd8 32. Rd6 Nb2 33. Bf1 Ne6 34. Na5 Ng5 35. Nxb7 Rb8 36. Nc5 Kg7 37. h4 Ne4+ 38. Nxe4 fxe4 39. Rxe4 a5 40. bxa5 Rb3 41. Rb4 Rxa3 42. Rxb2 Rxa5 43. e6 Rf5+ 44. Kg1 fxe6 45. Rxc6 Rf3 46. Kg2 Ra3 47. Rf2 Kh8 48. Rf6 Rb8 49. Rc7 1-0

[Event "Regionalliga Mittelrhein 1011"]
[Site "Germany"]
[Date "2010.10.24"]
[Round "1.1"]
[White "Paris, Michael"]
[Black "Loyfenfeld, Yakiv"]
[Result "0-1"]
[WhiteElo "2169"]
[BlackElo "2422"]
[PlyCount "62"]
[EventDate "2010.10.24"]
[EventType "team"]
[EventRounds "9"]
[EventCountry "GER"]
[SourceTitle "EXT 2015"]
[Source "ChessBase"]
[SourceDate "2014.11.20"]
[SourceVersion "1"]
[SourceVersionDate "2014.11.20"]
[SourceQuality "1"]
[WhiteTeam "Horrem"]
[BlackTeam "Bruehl"]
[WhiteTeamCountry "GER"]
[BlackTeamCountry "GER"]

1. e4 e6 2. d4 d5 3. Nc3 Bb4 4. e5 Ne7 5. Bd2 0-0 6. Nf3 c5 7. a3 Bxc3 8. Bxc3 b6 9. b4 Nd7 10. bxc5 bxc5 11. Qd2 Nc6 12. Bd3 cxd4 13. Bb4 Nxb4 14. Qxb4 Rb8 15. Qxd4 Qa5+ 16. Nd2 Nc5 17. Be2 Ne4 18. f3 Nxd2 19. Qxd2 Qc5 20. h4 Rb2 21. Bd3 Bd7 22. h5 Bb5 23. h6 Bxd3 24. hxg7 Rc8 25. Qxd3 Qxc2 26. Qxc2 Rcxc2 27. Rh4 Rxg2 28. Rg4 Rxg4 29. fxg4 Rg2 30. 0-0-0 Rxg4 31. Kb2 Kxg7 0-1